1311 1162 1106 1492 1229 1513 1542 1917 1005 1984 1189 1535 1643 1535 1291 1322 1326 1615 1716 1243 1126 1071 1562 1049 1977 1353 1255 1303 1130 1118 1375 1025 1925 1134 1748 1584 1133 1542 1644 1263 1625 1787 1504 1779 1928 1056 1337 1003 1723 1902 1516 1344 1141 1345 1478 1406 1224 1985 1283 1363 1660 1513 1502 1258 1655 1695 1644 1820 1926 1570 1773 1507 1169 1726 1254 1662 1509 1911 1691 1236 1327 1517 1971 1756 1501 1299 1302 1270 1297 1924 1084 1465 1761 1606 1543 1798 1774 1842 1651 BCNSPRNW ULIB Ver.6.0+V

เปลี่ยนเป็นภาษาไทย

Change to English
 แสดงรายละเอียดบรรณานุกรม
  กลับหน้าหลัก

Brief Record : Get Marc (ISO 2709) : E-mail record : QR code < ปิดหน้าต่าง
LEADER : 00000nam 2200000uu 4500
001    13399124508
003     ULIB
008    150817s2556 th a 000 0 tha d
020    9789749804279
020    9789749804278
090    นว.^bล158ป ล.8
100    ล่อร่า อิงกัลล์ส์ ไวล์เดอร์;^eผู้แต่ง
245    ปีทองอันแสนสุข/^cล่อร่า อิงกัลล์ส์ ไวล์เดอร์. ; เขียน ,สุคนธรส. ; แปล
250    พิมพ์ครั้งที่ 9
260    กรุงเทพฯ :^bแพรวเยาวชน,^c2556
300    322 หน้า;^b18.5 ซม.
500    หนังสือชุดบ้านเล็ก
700    สุคนธรส ;^eแปล
945    ^p235^l0^i039779
999    ^aทศพร
รายการนี้ยังไม่มีแท็ก
คุณยังไม่ได้ล็อกอิน คุณสามารถมีกิจกรรมร่วมกับเว็บไซต์ได้ แต่ต้องล็อกอินก่อน ::
  ล็อกอิน

รายการสื่อสารสนเทศ

ลำดับที่ ประเภท เลขเรียก/บาร์โค้ด สถานที่ สถานะ
1. นวนิยาย
นวนิยาย
นว. ล158ป ล.8 ฉ.1 
  Barcode: 039779
ห้องสมุดวิทยาเขตสวรรค์ประชารักษ์
►นวนิยาย
บนชั้น
  ขอยืม

BibComment


ยังไม่เคยถูกคอมเมนท์

คอมเมนท์ทรัพยากรรายการนี้
  คอมเมนท์: ปีทองอันแสนสุข ล่..


 Copyright 2026. Bcnsprnw @Library